banner-ar

الكتاب السنوى فى التربية وعلم النفس . (Record no. 39228)

MARC details
000 -الفاتح
حقل البيانات ثابتة الطول 01097nam a2200229Ia 4500
005 - وقت وتاريخ اخر تعامل مع التسجيلة
رقم الضبط 20240530103424.0
008 - عناصر البيانات ثابتة الطول - معلومات عامة
حقل البيانات ثابتة الطول 140319s9999 xx 000 0 ara d
040 ## - مصدر الفهرسة
وكالة الفهرسة الأصلية GCL /
وكالة النسخ GCL
082 04 - رقم تصنيف ديوى العشرى
رقم التصنيف 378.53/
رقم المادة ن ك
100 0# - المدخل الرئيسى - إسم شخصى
الإسم الشخصى نخبة من اساتذة التربية وعلم النفس
245 10 - بيان العنوان
العنوان الكتاب السنوى فى التربية وعلم النفس .
رقم الجزء/قسم العمل مج13، مج14،
اسم جزء/قسم العمل التعليم الجامعى فى الوطن العربى /
بيان المسئوليه,etc باقلام نخبة من اساتذة التربية وعلم النفس ؛ تحرير سعيد اسماعيل على
260 ## - PUBLICATION, DISTRIBUTION, ETC. (IMPRINT)
تاريخ النشر أو التوزيع 1987
300 ## - الوصف المادى
التعداد متعدد ؛
أبعاد الوعاء 24سم
490 ## - بيان السلسلة
عنوان السلسلة المكتبة العربية للدراسات التربوية
رقم المجلد/ التعيين التسلسلي 0
650 04 - المدخل الاضافى بالموضوع-مصطلح موضوعى
مصطلح موضوعي الجامعات والكليات
650 04 - المدخل الاضافى بالموضوع-مصطلح موضوعى
مصطلح موضوعي التعليم الجامعى - الوطن العربى
650 04 - المدخل الاضافى بالموضوع-مصطلح موضوعى
مصطلح موضوعي التعليم الجامعى - مصر
650 04 - المدخل الاضافى بالموضوع-مصطلح موضوعى
مصطلح موضوعي التعليم الجامعى - السعودية
700 0# - المدخل الاضافى - اسم شخصى
الإسم الشخصى سعيد اسماعيل على
الدور محرر
942 ## - عناصر المدخل الإضافي( كوها)
مصدر التصنيف او مخطط الترفيف Dewey Decimal Classification
Koha [default] item type كتاب
260 ## - PUBLICATION, DISTRIBUTION, ETC. (IMPRINT)
-- القاهرة :
-- دار الفكر العربى ،
Holdings
حالة التراجع حالة الفقد حالة تلف ليس للاعارة المكان المؤقت الموقع الحالى تاريخ الاكتساب اجمالي اﻻعارات رقم الطلب الباركود تاريخ اخر مشاهدة تاريخ تفعيل السعر نوع وعاء كوها
        مكتبة القاهرة الكبرى مكتبة القاهرة الكبرى 03/26/2014   378.53\ن ك 96028 03/26/2014 03/26/2014 كتاب
        مكتبة القاهرة الكبرى مكتبة القاهرة الكبرى 03/26/2014   378.53\ن ك 96029 03/26/2014 03/26/2014 كتاب
        مكتبة القاهرة الكبرى مكتبة القاهرة الكبرى 03/26/2014   378.53\ن ك 96030 03/26/2014 03/26/2014 كتاب
        مكتبة القاهرة الكبرى مكتبة القاهرة الكبرى 03/26/2014   378.53\ن ك 96031 03/26/2014 03/26/2014 كتاب

Powered By

EGPV